Word Ladder: Let's Have a Cookout! Quiz Stats

 Plays Quiz Updated Jul 8, 2017

Support Sporcle.
Go Orange.
Score 0/34 Timer 04:00
0 Plays Today
Clue 3-Letter Word % Correct
Frankfurter (with rung 1)🔥DOG🔥
95.6%
Partner of dash in Morse codeDOT
94.8%
Popular cookout animal; swine (syn. of rung 4)🔥PIG🔥
94.2%
Frankfurter (with rung 3)🔥HOT🔥
94.2%
Feminine third person possessiveHER
93.2%
Quickly travel by footRUN
92.3%
Large; hugeBIG
92%
Small bread roll for cookouts🔥BUN🔥
92%
'Annie ___ Your Gun'GET
91.5%
To strike, as with a baseball batHIT
90.8%
Ben-____, epic Heston movieHUR
90.7%
Storage (or waste) containerBIN
90.2%
Bowler or baseball capHAT
89.9%
Popular cookout animal; swine (syn. of rung 23)🔥HOG🔥
89.9%
Gorilla or orangutan, e.g.APE
88.9%
Wordlessly sing a songHUM
88.8%
Dug out space for cookouts🔥PIT🔥
88.8%
Clue 3-Letter Word % Correct
Ground beef sandwich (with rungs 9 and 12)🔥HAM🔥
88.6%
Insect picnic nuisanceANT
88.2%
Honest PresidentABE
87.7%
Your rearBUM
87.7%
Ground beef sandwich (with rungs 6 and 9)🔥GER🔥
87.2%
Ground beef sandwich (with rungs 6 and 12)🔥BUR🔥
86.3%
Witch or sorceressHAG
86.1%
Curved bone of the chest area🔥RIB🔥
85.7%
Spices applied to meat before cooking🔥RUB🔥
85.3%
To chow down, as on cookout foods🔥EAT🔥
83.9%
Fitting or suitableAPT
83.7%
Tolkien tree creatureENT
77.4%
Alternate, abbreviated name for cookouts🔥BBQ🔥
74.8%
Tennis serve when the ball hits the netLET
72.1%
New Mexico's largest city (abbr.)ABQ
71.5%
Movement seeking equal rights, for shortLIB
59.6%
'My Own Worst Enemy' BandLIT
58.8%

Today's Daily Dose

You're not logged in!

Compare scores with friends on all Sporcle quizzes.
OR
Log In
Forgot?

From the Vault

Animation Invasion

by FearTheManatee

We're pretty sure any kind of animation invasion would involve a large number of anvils.
Remove Ads.
Support Sporcle.
Get the best of Sporcle when you Go Orange. This ad-free experience offers more features, more stats, and more fun while also helping to support Sporcle. Thank you for becoming a member.

Show Comments

Extras

Top Quizzes Today


Score Distribution

Your Account Isn't Verified!

In order to create a playlist on Sporcle, you need to verify the email address you used during registration. Go to your Sporcle Settings to finish the process.

Report this User

Report this user for behavior that violates our Community Guidelines.

Details: